MARC

LEADER 00000nam0a2200000 4500
001 51542
005 20231031035956.0
035 |a (RuTPU)RU\TPU\book\53965 
090 |a 51542 
100 |a 20030505d1969 m y0rusy50 ca 
101 0 |a rus 
102 |a RU 
105 |a y l 001zy 
200 1 |a Правила техники безопасности при эксплуатации электроустановок электрических станций и подстанций  |f Министерство энергетики и электрификации СССР; Главное техническое управление по эксплуатации энергосистем 
205 |a 18-е изд. 
210 |a Москва  |c Энергия  |d 1969 
215 |a 119 с. 
320 |a Библиогр. в конце статей 
610 1 |a электрические станции 
610 1 |a подстанции электрические 
610 1 |a техника безопасности 
610 1 |a эксплуатация 
610 1 |a электроустановки 
675 |a 621.311:658.283  |v 3 
675 |a 621.316.26:658.283  |v 3 
712 0 1 |a СССР  |b Министерство энергетики и электрификации (Минэнерго)  |b Главное техническое управление по эксплуатации энергосистем  |2 stltpush  |3 (RuTPU)RU\TPU\col\2702 
801 1 |a RU  |b 63413507  |c 20030505  |g PSBO 
801 2 |a RU  |b 63413507  |c 20230403  |g PSBO 
942 |c BK